| 000 | 00391nam a22001697a 4500 | ||
|---|---|---|---|
| 005 | 20160521142654.0 | ||
| 008 | 160521b xxu||||| |||| 00| 0 eng d | ||
| 020 | _a0-07-058195-9 | ||
| 041 | _aeng | ||
| 082 | _b3818 | ||
| 100 |
_aChase Jaco Aquilanr _9970 |
||
| 245 | _aOperations Management | ||
| 260 |
_aNew Delhi _bTMH, |
||
| 300 | _a748 | ||
| 650 |
_aManagement _9241 |
||
| 942 | _cBK | ||
| 999 |
_c1321 _d1321 |
||